01446nam a22003617a 4500003000500000005001700005008004100022010001000063011001000073035001000083040000900093090001000102100004100112245008400153260004000237300001000277502010900287590003700396590004100433590004100474590004100515590004200556650003500598650002800633650003100661901000700692942000900699949004300708949005500751999001700806952013300823952012800956CHAP20220329140856.0971013s1995 r 00010 d a59100 a60072 a64232 cCHAP aTesis00aRodríguez Fonseca, Ricardo.998483 aProducción de semilla híbrida de sorgo para grano en el norte de Tamaulipas aChapingo, Méx. :bEl autor,c1995 a62 h. aTesis (Ing. Agr. Esp. en Parasitología Agrícola) -- UACH. Departamento de Parasitología Agrícola aALEPHb10c20130110lUCH01h1337 aBATCH-UPDb10c20130110lUCH01h1242 aBATCH-UPDb10c20130410lUCH01h0807 aBATCH-UPDb10c20130914lUCH01h2018 aCONVERSIONb10c20130109lUCH01h133214aSemillasxRendimiento.910393014aSorgoxSemilla.910872014aSorgoxTamaulipas.9108726 aBK cFOLL bBCcTESd-139931eTS1h28688i64232si bBCcTESd33724000089678eTS2fc.2h28689i64232si c59100d59100 00102local4053708TESISaBCbBCcPA_TESISd2019-12-31fTESISl0p33724000089678r2019-12-31 00:00:00tc.2w2019-12-31yTESIS 00102local4051708TESISaBCbBCcPA_TESISd2019-12-31fTESISl0oTesisp-139931r2019-12-31 00:00:00w2019-12-31yTESIS